北京地铁站点一览2024/06 - Statistics

General Stats
  • This quiz has been taken 85 times
    79 since last reset
  • The average score is 203 of 500
Answer Stats
Lines Remarks Stations % Correct
1号线 天安门西
88%
1号线 天安门东
88%
7号线/9号线 北京西站
85%
4号线 北京大学东门
83%
4号线/14号线 北京南站
83%
1号线(暂缓开通)/6号线/S1线 | 1号线/6号线/S1线 暂缓开通 苹果园
81%
2号线/13号线/首都机场线 东直门
81%
2号线/4号线/13号线 西直门
81%
4号线/9号线/16号线 国家图书馆
81%
1号线/10号线 公主坟
79%
2号线 北京站
79%
4号线 人民大学
79%
大兴机场线 大兴机场
79%
1号线/9号线 军事博物馆
77%
1号线/4号线 西单
75%
1号线/5号线 东单
73%
4号线/10号线 海淀黄庄
73%
4号线 动物园
73%
1号线 古城
71%
1号线/2号线 建国门
71%
5号线 天通苑
71%
10号线 金台夕照
71%
1号线/8号线 王府井
69%
1号线/10号线 国贸
69%
4号线 安河桥北
69%
4号线 圆明园
69%
10号线/西郊线 巴沟
69%
13号线 五道口
69%
1号线 八角游乐园
67%
4号线 中关村
67%
5号线 天通苑北
67%
5号线 天通苑南
67%
1号线/16号线 | 1号线/16号线(出站) 木樨地
65%
1号线/2号线/19号线(虚拟) 复兴门
65%
5号线/6号线 东四
65%
10号线/19号线/大兴机场线 草桥
65%
2号线 东四十条
63%
2号线/8号线 前门
63%
8号线/15号线 奥林匹克公园
63%
8号线/10号线 北土城
63%
14号线/15号线 望京
63%
1号线/八通线 四惠
60%
7号线/八通线 环球度假区
60%
2号线/19号线 积水潭
60%
2号线/5号线 雍和宫
60%
4号线/6号线/19号线 平安里
60%
大兴线 天宫院
60%
10号线/16号线 苏州街
60%
10号线/首都机场线 三元桥
60%
西郊线 香山
60%
1号线 五棵松
58%
1号线/八通线 四惠东
58%
八通线 传媒大学
58%
2号线/5号线 崇文门
58%
4号线/7号线 菜市口
58%
5号线/10号线/亦庄线 宋家庄
58%
6号线 北海北
58%
13号线/15号线/17号线 | 13号线/15号线/17号线(暂缓开通) 望京西
58%
昌平线 昌平
58%
2号线/6号线 朝阳门
56%
4号线 灵境胡同
56%
5号线 惠新西街北口
56%
5号线/10号线 惠新西街南口
56%
6号线/8号线 南锣鼓巷
56%
8号线 奥体中心
56%
10号线/昌平线 西土城
56%
15号线 清华东路西口
56%
15号线/昌平线 六道口
56%
1号线 南礼士路
54%
6号线/11号线/S1线 金安桥
54%
13号线/昌平线 清河站
54%
1号线 暂缓开通 福寿岭
52%
1号线 八宝山
52%
2号线/4号线 宣武门
52%
大兴线 生物医药基地
52%
6号线/9号线 白石桥南
52%
8号线/昌平线 朱辛庄
52%
9号线/房山线 郭公庄
52%
10号线 知春里
52%
10号线/13号线 知春路
52%
10号线 潘家园
52%
13号线/昌平线 西二旗
52%
17号线 工人体育场
52%
1号线/14号线 大望路
50%
2号线 阜成门
50%
2号线/6号线 车公庄
50%
4号线/16号线 西苑
50%
4号线 魏公村
50%
4号线 西四
50%
6号线/10号线 呼家楼
50%
8号线(暂缓开通)/10号线 | 8号线/10号线 暂缓开通 大红门
50%
9号线 白堆子
50%
9号线/10号线 六里桥
50%
10号线/17号线 太阳宫
50%
10号线 火器营
50%
16号线 北安河
50%
昌平线 沙河
50%
大兴机场线 大兴新城
50%
2号线/8号线 鼓楼大街
48%
19号线/大兴线 新宫
48%
5号线/14号线 蒲黄榆
48%
6号线 潞城
48%
8号线 中国美术馆
48%
10号线/19号线 牡丹园
48%
10号线/13号线 芍药居
48%
10号线/14号线/17号线 十里河
48%
10号线/16号线 丰台站
48%
14号线/16号线 | 14号线/16号线(暂缓开通) 丽泽商务区
48%
15号线 俸伯
48%
房山线 良乡大学城
48%
1号线 万寿路
46%
6号线 海淀五路居
46%
10号线/房山线 首经贸
46%
10号线/14号线 西局
46%
13号线 回龙观
46%
昌平线 生命科学园
46%
亦庄线 亦庄火车站
46%
首都机场线 2号航站楼
46%
首都机场线 3号航站楼
46%
1号线 玉泉路
44%
7号线/八通线 花庄
44%
2号线 长椿街
44%
4号线 北宫门
44%
4号线/10号线 角门西
44%
7号线/19号线(虚拟) 广安门内
44%
7号线/10号线 双井
44%
13号线 上地
44%
13号线 大钟寺
44%
15号线 望京东
44%
15号线 顺义
44%
16号线 宛平城
44%
昌平线 昌平西山口
44%
5号线 张自忠路
42%
5号线/7号线 磁器口
42%
6号线/10号线 慈寿寺
42%
7号线/8号线 珠市口
42%
8号线/13号线 霍营
42%
8号线 什刹海
42%
8号线 瀛海
42%
10号线 角门东
42%
10号线 西钓鱼台
42%
13号线 北苑
42%
14号线 善各庄
42%
7号线(虚拟)/19号线 牛街
42%
燕房线 燕山
42%
八通线 梨园
40%
4号线 新街口
40%
大兴线 西红门
40%
5号线/13号线 立水桥
40%
5号线/15号线 大屯路东
40%
5号线/首都机场线 北新桥
40%
7号线 广渠门外
40%
7号线 欢乐谷景区
40%
8号线 金鱼胡同
40%
8号线 火箭万源
40%
10号线 亮马桥
40%
10号线 农业展览馆
40%
10号线 团结湖
40%
11号线 模式口
40%
11号线 新首钢
40%
14号线 张郭庄
40%
14号线/19号线 景风门
40%
14号线 望京南
40%
16号线 苏州桥
40%
昌平线 沙河高教园
40%
昌平线 十三陵景区
40%
房山线 良乡大学城北
40%
1号线 永安里
38%
2号线 安定门
38%
5号线 天坛东门
38%
6号线 东大桥
38%
7号线 广渠门内
38%
7号线 焦化厂
38%
8号线 森林公园南门
38%
10号线 健德门
38%
10号线 安贞门
38%
10号线 劲松
38%
10号线 长春桥
38%
13号线 柳芳
38%
14号线 东管头
38%
14号线 朝阳公园
38%
17号线 天通苑东
38%
19号线 北太平庄
38%
S1线 上岸
38%
八通线 九棵树
35%
2号线 和平门
35%
4号线 陶然亭
35%
大兴线 黄村火车站
35%
6号线 田村
35%
6号线/14号线 金台路
35%
6号线 青年路
35%
6号线 通州北关
35%
9号线/14号线 七里庄
35%
14号线 北工大西门
35%
15号线 国展
35%
16号线 玉渊潭东门
35%
16号线/房山线 | 房山线 东管头南
35%
17号线 未来科学城
35%
房山线 良乡大学城西
35%
房山线/燕房线 阎村东
35%
燕房线 阎村
35%
西郊线 国家植物园
35%
八通线 高碑店
33%
八通线 管庄
33%
5号线 和平西桥
33%
6号线 北运河西
33%
8号线 回龙观东大街
33%
9号线 六里桥东
33%
9号线/16号线 丰台南路
33%
9号线 丰台科技园
33%
10号线 分钟寺
33%
16号线 马连洼
33%
17号线 未来科学城北
33%
昌平线 暂缓开通 蓟门桥
33%
西郊线 颐和园西门
33%
大兴线 高米店南
31%
5号线 立水桥南
31%
6号线/16号线 二里沟
31%
6号线 车公庄西
31%
6号线 常营
31%
6号线 草房
31%
6号线 物资学院路
31%
6号线 北运河东
31%
7号线 湾子
31%
8号线 林萃桥
31%
8号线/14号线 永定门外
31%
10号线 泥洼
31%
10号线 莲花桥
31%
10号线 车道沟
31%
11号线 北辛安
31%
13号线 光熙门
31%
13号线 龙泽
31%
14号线 园博园
31%
15号线 北沙滩
31%
15号线 孙河
31%
17号线/亦庄线 次渠
31%
昌平线 南邵
31%
昌平线 昌平东关
31%
燕房线 房山城关
31%
八通线 通州北苑
29%
八通线 土桥
29%
大兴线 高米店北
29%
5号线 刘家窑
29%
6号线 杨庄
29%
6号线 暂缓开通 通运门
29%
7号线/14号线 九龙山
29%
7号线 百子湾
29%
8号线 安德里北街
29%
8号线 木樨园
29%
9号线 科怡路
29%
15号线 马泉营
29%
16号线 农大南路
29%
昌平线 学院桥
29%
房山线 长阳
29%
S1线 石厂
29%
八通线 果园
27%
4号线 公益西桥
27%
5号线 灯市口
27%
6号线 花园桥
27%
8号线 安华桥
27%
9号线 丰台东大街
27%
10号线 成寿寺
27%
14号线 将台
27%
14号线 暂缓开通 高家园
27%
14号线 阜通
27%
14号线 来广营
27%
15号线 花梨坎
27%
15号线 南法信
27%
15号线 石门
27%
16号线 永丰
27%
16号线 西北旺
27%
16号线 万泉河桥
27%
16号线 万寿寺
27%
16号线 甘家口
27%
16号线 看丹
27%
17号线 嘉会湖
27%
1号线(虚拟)/2号线(虚拟)/19号线 太平桥
27%
19号线 新发地
27%
昌平线 清河小营桥
27%
房山线 良乡南关
27%
房山线 苏庄
27%
亦庄线 次渠南
27%
西郊线 茶棚
27%
八通线 双桥
25%
八通线 八里桥
25%
八通线 临河里
25%
大兴线 枣园
25%
6号线 褡裢坡
25%
7号线 虎坊桥
25%
7号线 高楼金
25%
14号线 郭庄子
25%
14号线 大井
25%
14号线 暂缓开通 陶然桥
25%
14号线 景泰
25%
14号线 东风北桥
25%
15号线 后沙峪
25%
16号线 榆树庄
25%
17号线 西坝河
25%
昌平线 巩华城
25%
昌平线 北邵洼
25%
房山线 花乡东桥
25%
房山线 大葆台
25%
房山线 稻田
25%
房山线 广阳城
25%
亦庄线 旧宫
25%
S1线 小园
25%
4号线 马家堡
23%
5号线 北苑路北
23%
5号线 和平里北街
23%
7号线/16号线 达官营
23%
7号线 大郊亭
23%
8号线 天桥
23%
10号线 纪家庙
23%
14号线 大瓦窑
23%
14号线 方庄
23%
14号线 平乐园
23%
15号线 安立路
23%
16号线 温阳路
23%
16号线 稻香湖路
23%
16号线 屯佃
23%
17号线 红军营
23%
17号线 左家庄
23%
房山线 篱笆房
23%
燕房线 大石河东
23%
亦庄线 小红门
23%
大兴线 清源路
21%
大兴线 黄村西大街
21%
6号线 廖公庄
21%
6号线 十里堡
21%
7号线 化工
21%
7号线 南楼梓庄
21%
7号线 黑庄户
21%
8号线 东高地
21%
10号线 石榴庄
21%
14号线 菜户营
21%
14号线 枣营
21%
15号线 崔各庄
21%
16号线 永丰南
21%
16号线 红莲南路
21%
16号线 富丰桥
21%
17号线 次渠北
21%
燕房线 紫草坞
21%
亦庄线/亦庄T1线 荣昌东街
21%
西郊线 万安
21%
6号线 黄渠
19%
6号线 东夏园
19%
7号线 桥湾
19%
8号线 平西府
19%
8号线 育新
19%
8号线 海户屯
19%
14号线 西铁营
19%
14号线 暂缓开通 红庙
19%
15号线 关庄
19%
17号线 清河营
19%
昌平线 学知园
19%
房山线 白盆窑
19%
燕房线 星城
19%
燕房线 马各庄
19%
燕房线 饶乐府
19%
亦庄线 亦庄桥
19%
亦庄线 荣京东街
19%
S1线 四道桥
19%
大兴线 义和庄
17%
6号线 西黄村
17%
6号线 郝家府
17%
7号线 垡头
17%
7号线 万盛西
17%
7号线 万盛东
17%
8号线 大红门南
17%
16号线 洪泰庄
17%
17号线 十八里店
17%
17号线 北神树
17%
昌平线 暂缓开通 朱房北
17%
亦庄线 肖村
17%
亦庄线 亦庄文化园
17%
亦庄线 经海路
17%
亦庄T1线 暂缓开通 老观里
17%
7号线 双合
15%
7号线 黄厂
15%
7号线 群芳
15%
8号线 育知路
15%
8号线 西小口
15%
8号线 永泰庄
15%
8号线 五福堂
15%
8号线 德茂
15%
14号线 东湖渠
15%
17号线 周家庄
15%
S1线 栗园庄
15%
7号线 郎辛庄
13%
8号线 和义
13%
亦庄T1线 屈庄
13%
亦庄T1线 定海园
13%
S1线 桥户营
10%
亦庄T1线 鹿圈东
10%
亦庄T1线 亦创会展中心
10%
亦庄T1线 经海一路
10%
亦庄T1线 定海园西
10%
亦庄线 万源街
8%
亦庄线 同济南路
8%
亦庄T1线 四海庄
8%
亦庄T1线 九号村
8%
亦庄T1线 亦庄同仁
8%
亦庄T1线 瑞合庄
6%
亦庄T1线 太和桥北
6%
亦庄T1线 融兴街
4%
亦庄T1线 泰和路
2%
No matching quizzes found
Score Distribution
Percent of People with Each Score
Percentile by Number Answered
Your Score History
You have not taken this quiz since the last reset